All finals Teams nba - Statistics

General Stats
  • This quiz has been taken 21 times
  • The average score is 11 of 15
Answer Stats
Hint Finals Teams % Correct
2022 Winning Team Nuggets
85%
2020 Winning Team Warriors
85%
2017 Losing Team Warriors
85%
2014 Winning Team Warriors
85%
2012 Winning Team Warriors
85%
2011 Losing Team Warriors
85%
2023 Losing Team Heat
80%
2019 Losing Team Heat
80%
2018 Winning Team Lakers
80%
2024 Winning Team Mavericks
80%
2015 Losing Team Cavaliers
70%
2013 Losing Team Cavaliers
70%
2010 Winning Team Cavaliers
70%
2016 Winning Team Raptors
60%
2021 Losing Team Celtics
40%
No matching quizzes found
Score Distribution
Percent of People with Each Score
Percentile by Number Answered
Your Score History
You have not taken this quiz